| 000 | nam a22 7a 4500 | ||
|---|---|---|---|
| 999 |
_c329482 _d329482 |
||
| 003 | NUST | ||
| 005 | 20171117122913.0 | ||
| 008 | 170509b xxu||||| |||| 00| 0 eng d | ||
| 020 | _a9694721539 | ||
| 040 | _cNUST | ||
| 082 |
_a928.91439 _bIQB |
||
| 245 |
_aIqbaliyat ky so saal / _cmurattbeen Rafi ud Din Hashmi [at al.] |
||
| 260 |
_aLahore: _bIqbal Academy, _c2007 |
||
| 300 | _a1143 p. | ||
| 650 |
_aIqbaliyat _981 |
||
| 880 |
_6100-01\(3\r _aمحمد اقبال |
||
| 880 |
_6245-02\(3\r _aاقبالیات کے سو سال: _bمنتخب مضامین _cمرتبین: رفیع الدین ہاشمی، محمد سہیل عمر اور وحید عشرت |
||
| 880 |
_6260-03\(3\r _aاسلام آباد: _bاکادمی ادبیات ، _c2007 |
||
| 942 |
_2ddc _cBK |
||